Metodika výučby účtovníctva v poisťovniach

Gespeichert in:
Bibliographische Detailangaben
1. Verfasser: Majtánová, Anna
Format: Buchkapitel
Sprache:Slowakisch
Schlagworte:
Tags: Tag hinzufügen
Keine Tags, Fügen Sie das erste Tag hinzu!

MARC

LEADER 00000naa$a2200000$$$4500
001 0183725
005 20240502083432.4
041 0 |a slo 
044 |a CZ 
245 1 0 |a Metodika výučby účtovníctva v poisťovniach  |c Anna Majtánová 
610 2 0 |a vzdelávanie vysokoškolské 
610 2 0 |a predmety učebné 
610 2 0 |a účtovníctvo 
610 2 0 |a poisťovne 
100 1 |a Majtánová, Anna